000 00331nam a2200145Ia 4500
008 150201s2010 xx 000 0 und d
082 _a610.7362
_bP10D
100 _aDUTTA, PARUL
245 _aPEDIATRIC NURSING
250 _a2ND
260 _bJAYPEE
_aINDIA
_c2010
300 _a513
650 _aPEDIATRICS
942 _2ddc
_cBK
_018
999 _c2189
_d2189